Quizzes
Events
Quiz Creation
Community
Videos
Private Events
Remove Ads
Sign In
Join for FREE
Feedback
Dark Mode
Quiz Categories
Sports
Geography
Music
Movies
Television
Just For Fun
Miscellaneous
History
Literature
Language
Science
Gaming
Entertainment
Religion
Holiday
For Kids
Quiz Lab
Recent
Popular Today
Quiz Kudos Today
Editor Picks
Curator Picks
Quizzes by...
Day
Popularity
Type
Ratings
Length
Year
Community
Subscriptions
Recent Discussions
Orange Saloon
Badges
Playlists
Quests
Create
Leaderboards
Showdown
Live 5
Trivia Bingo
Activity
Puzzle Library
Sporcle Events
Private Events
Virtual Trivia
Globe League
Become a Host
Pub Owners
SporcleCon
Opinionation
Our Games
Videos
Blog
Mobile Apps
Partnerships
Remove Ads and Go Orange
Feedback
Language
Vocabulary
Begins and Ends
Definition
Spanish
French
German
Italian
Chinese
Latin
Translation
Japanese
Language
Vocabulary
Begins and Ends
Definition
Spanish
French
German
Italian
Chinese
Latin
Translation
Japanese
Random Quiz
Search Sporcle
×
Quiz Lab
Quiz Lab
Language
global
Type in answers that appear in a list
Type in answers that appear in a list
Classic
Best Score? Go Orange.
Top Words By Year Stats
Can you name the top words selected by The Global Language Monitor for each year?
By
CharlieBrown
12m
36 Questions
137 Plays
137 Plays
137 Plays
Comments
Comments
Give Quiz Kudos
Give Quiz Kudos
-
- Ratings
hide this ad
Replay
Link that replays current quiz
Next Quiz
Link to next quiz in quiz playlist
You Got
0%
They Got
Avg Score
34%
Avg Friend Score
Upgrade to see
Score Distribution
Jump to the score distribution portion of the page
Score
0/36
Timer
12:00
0
Plays Today
Year
Word
% Correct
2011:Phrase
Arab Spring
100%
2008:Name
Barack Obama
77.4%
2000:Name
W (Dubya)
70.1%
2002:Name
W (Dubya)
70.1%
2004:Name
Dubya/Rove
70.1%
2007:Name
Al Gore
69.3%
2001:Word
GroundZero
68.6%
2011:Word
Occupy
66.7%
2011:Name
Steve Jobs
66.7%
2005:Name
(acts of ) God
64.2%
2003:Name
Saddam Hussein
60.6%
2005:Word
Refugee
59.9%
2000:Word
Chad
55.5%
2007:Word
Hybrid (representing all things green)
55.5%
2006:Name
Darfur
53.3%
2008:Word
Change
52.6%
2009:Name
Barack Obama
49.6%
2000:Phrase
Dot.com
44.5%
Year
Word
% Correct
2009:Word
Twitter
40.9%
2001:Name
The Heroes
31.4%
2003:Phrase
Shock and Awe
29.9%
2007:Phrase
Climate Change
28.5%
2009:Phrase
King of Pop
28.5%
2003:Word
Embedded
25.5%
2001:Phrase
‘Lets Roll’
24.8%
2004:Phrase
Red States/Blue States
21.2%
2002:Word
Misunderestimate
18.2%
2006:Word
Sustainable
18.2%
2002:Phrase
Threat Fatigue
5.8%
2006:Phrase
Stay the Course
5.8%
2008:Phrase
Financial Tsunami
5.8%
2004:Word
Incivility (for inCivil War)
5.1%
2005:Phrase
Outside the Mainstream
5.1%
2010:Name
Hu
5.1%
2010:Word
Spillcam
0.7%
2010:Phrase
Anger and Rage
0.7%
Quiz Playlist
Details
Report
Send in Message
Add To Playlist
Classic:
Type in answers that appear in a list
Quiz Source
Last Updated: Feb 16, 2017
Quiz Scoreboard
CHALLENGE
Sign Up to Join the Scoreboard
Show All
Scores
Hide
Comments
May contain spoilers
Recently Published
An Introduction to Baseball
by treessimontrees
Sports
5m
Movies - When Are They Set?
by FPL_Elf
Movies
5m
Popular People in 1961
by mucciniale
History
6m
More to Explore
Quiz From the Vault
Featured Blog Post
Where Did the Easter Bunny Come From?
hide this ad
You Might Also Like...
Tags
global
Language Monitor
monitor
Selected
Today's Top Quizzes in Language
Browse Language
hide this ad
Today's Top Quizzes in global
Browse global
Top Contributed Quizzes in Language
1
1-10 Letter F Words III
2
Order Up: Top 10 Most Native Spoken Languages
3
1-10 Letter G Words III
4
1-10 Letter H Words III
5
One Thing in Common: Italy
6
1-10 Letter I Words III
7
Weisst du, aus welchen Sprachen diese Wörter stammen?
8
1-10 Letter J Words III
9
Begins and Ends With AN
10
Celtic Nations in their Language
Explore More
Trending Topics
Disney
Marvel
Kpop
Anime
Harry Potter
Crossword
NBA
Country
NFL
Puzzle
Pokémon
WWE
The Office
Song
Soccer
hide this ad
More By:
CharlieBrown
Quiz
Plays
Rating
Category
Featured
Created
Razzie Worst Actor Winners
48,479
4.49
Movies
Sep 23, 2009
Highest-Grossing Documentaries
39,024
3.30
Movies
Oct 4, 2009
Worst Actress Razzie Winners
847
4.00
Movies
Oct 20, 2009
1001 Movies (2000s)
841
3.25
Movies
Sep 30, 2009
Top 20 Grossing Films Never To Reach #1
800
3.71
Movies
Sep 26, 2009
Go to Creator's Profile
Score Distribution
Quiz Creator Spotlight
CharlieBrown
Follow
Send a Message
Quizzes Created
-
Created Quiz Play Count
-
More By This Creator
Popular Quizzes Today
1
Find the Countries of Europe - No Outlines Minefield
2
Find the US States - No Outlines Minefield
3
The Countries of the World
4
Popular People in 1961
5
US States
6
Find the US States
7
1-10 Letter E Words III
8
Risky Map Clicking: Biggest States A-Z
More Language Quizzes
One-Minute Crossword II
Published
Trending Quizzes
Risky Map Clicking: Least Populous States A-Z
1-10 Letter F Words
1-10 Letter G Words
One Thing in Common: United Kingdom
Not Quite an Element Typing Challenge
Recently Updated
Leaping Animals
pecheneg
Reality TV Shows (A-Z)
bhenderson79
Rickey Henderson's Hall of Fame Teammates
pecheneg
Champions League XIs: Arsenal
pecheneg
Quick Pick: Celebrities in WWE's Hall of Fame
aduchscher
A-Z Keypad Blitz II
pecheneg
Multiple Oscar Actors
pecheneg
Mystery Phrase Blitz: Oscar 'Best Actors'
pecheneg
F. Scott Fitzgerald Novels
LTH
Pick 3 Villains
ddd62291
Trending Topics
Anime
Marvel
Kpop
Harry Potter
Disney
NBA
Crossword
NFL
WWE
Song
Soccer
Pokémon
Country
Puzzle
The Office
Your Account Isn't Verified!
In order to create a playlist on Sporcle, you need to verify the email address you used during registration. Go to your
Sporcle Settings
to finish the process.
Report this User
Report this user for behavior that violates our
Community Guidelines
.
Details:
Send Report
Go to the Sporcle.com Mobile Site →
Comments